| 000 | 01111nam a22003257a 4500 | ||
|---|---|---|---|
| 003 | CHAP | ||
| 005 | 20220329135140.0 | ||
| 008 | 971013s r 00010 d | ||
| 010 | _a31710 | ||
| 011 | _a32682 | ||
| 035 | _a36797 | ||
| 040 | _cCHAP | ||
| 090 | _aTesis | ||
| 100 | 0 | 0 |
_aNegrete Padilla, Arturo. _980718 |
| 245 | _aAnálisis sobre las importaciones de leche en polvo y su distribución en el país 1970-1980 | ||
| 260 |
_a(México, D. F.) : _bEl autor, _c(s.a.) |
||
| 300 |
_a35 h. _b; gráfs. |
||
| 502 | _aTesis (Médico Veterinario Zootecnista) -- UNAM. Facultad de Medicina Veterinaria y Zootecnia | ||
| 590 |
_aALEPH _b10 _c20130110 _lUCH01 _h1254 |
||
| 590 |
_aBATCH-UPD _b10 _c20130110 _lUCH01 _h0044 |
||
| 590 |
_aBATCH-UPD _b10 _c20130110 _lUCH01 _h2058 |
||
| 590 |
_aBATCH-UPD _b10 _c20130410 _lUCH01 _h1410 |
||
| 590 |
_aBATCH-UPD _b10 _c20130914 _lUCH01 _h1336 |
||
| 590 |
_aCONVERSION _b10 _c20130109 _lUCH01 _h1318 |
||
| 650 | 1 | 4 |
_aExportación e importación. _939074 |
| 650 | 1 | 4 |
_aLeche desecada. _965434 |
| 901 | _aBK | ||
| 942 | _cTESIS | ||
| 949 |
_bBC _cTES _d-84639 _eTS1 _i36797 _si |
||
| 999 |
_c31710 _d31710 |
||